00787nam a2200241Ia 450000500170000000800410001702000150005804100080007310000270008124500870010825000220019530000410021765000290025865000300028765000360031770000300035326400280038333600270041133700330043833800280047104000350049908400110053420220316235652.0121119s2001 sp a gr 000 j spa  a84204433361 aspa1 aDahl, Roaldd1916-199010aCuentos en verso para niños perversoscRoald Dahl ; traducción, Miguel Azaola  aPrimera edición a[32] páginasbilustracionesc28 cm14aCuentos infantiles2LEMB14aLiteratura infantil2LEMB14aAnimales en la literatura2LEMB1 aAzaola, Migueletraductor aMadridbAlfaguarac2001 atextobtxt2rdacontent asin mediaciónbn2rdamedia avolumenbnc2rdacarrier aCO-BoRNBPbspaerdacCO-BoRNBP aC DAHC